| 000 | 00705cam a22002413a 4500 | ||
|---|---|---|---|
| 001 | 15353 | ||
| 003 | PGUSA | ||
| 005 | 20140828083328.0 | ||
| 008 | 050313s2005||||xxu|||||s|||||000 | eng d | ||
| 040 |
_aPGUSA _beng |
||
| 042 | _adc | ||
| 050 | 4 | _aPC | |
| 100 | 1 |
_aRemy, Alfred, _d1870- |
|
| 245 | 1 | 2 |
_aA First Spanish Reader _h[electronic resource] / _cAlfred Remy |
| 260 |
_bProject Gutenberg, _c2005 |
||
| 506 | _aPublic domain in the USA. | ||
| 516 | _aElectronic text | ||
| 653 | _aSpanish language -- Readers | ||
| 653 | _aSpanish language -- Textbooks for foreign speakers -- English | ||
| 830 | 0 |
_aProject Gutenberg _v15353 |
|
| 856 | 4 | 0 | _uhttp://www.gutenberg.org/ebooks/15353 |
| 942 | _cEB | ||
| 999 |
_c244608 _d244608 |
||